| 000 | 00680nam a22001817a 4500 | ||
|---|---|---|---|
| 008 | 140212b xxu||||| |||| 00| 0 eng d | ||
| 050 | _aBX1912.5.R3813 1987 | ||
| 100 |
_aRatzinger, Joseph _98634 |
||
| 245 |
_aJourney to Easter _bSpiritual reflections for the lenten season / _cJoseph Ratzinger |
||
| 260 |
_aNew York _bThe Crossroad Publishing Company _c1997 |
||
| 300 | _a182p. ;21cm. | ||
| 650 |
_aJesus Christ-Meditations _98635 |
||
| 650 |
_aPaschal mystery-meditation _98636 |
||
| 650 |
_alent -meditations _98637 |
||
| 650 |
_aCatholic Church-Clergy-Religious life _98638 |
||
| 650 |
_aSpiritual retreats for clergy-Catholic Church _98639 |
||
| 942 |
_2lcc _cMONOGRAPH |
||
| 999 |
_c120051 _d120051 |
||